| 000 | 00419 a2200109 4500 | ||
|---|---|---|---|
| 020 | _a8123913230 | ||
| 082 | _a624.1834 KRI | ||
| 100 | _aKrishnamurthy, D. | ||
| 245 |
_aReinforced Concrete Handbook for Building Design Limit State & working Stress Methods of Design/ _cD. Krishnamurthy, D. Madhumalathi |
||
| 260 |
_aNew Delhi : _bCBS Publishers and Distributors, _c2006 |
||
| 300 |
_a658p. : _bill. ; _c28 cm |
||
| 650 | _aReinforced concrete -- Building | ||
| 999 |
_c1357 _d1357 |
||